Normal view
MARC view
- Behn, Aphra
Entry Personal Name
001 - CONTROL NUMBER
- control field: 3446
003 - CONTROL NUMBER IDENTIFIER
- control field: OSt
005 - DATE AND TIME OF LATEST TRANSACTION
- control field: 20251027111342.0
008 - FIXED-LENGTH DATA ELEMENTS
- fixed length control field: 251027|| aca||aabn | a|a d
040 ## - CATALOGING SOURCE
- Original cataloging agency: OSt
- Transcribing agency: OSt
100 ## - HEADING--PERSONAL NAME
- Personal name: Behn, Aphra
670 ## - SOURCE DATA FOUND
- Source citation: Work cat.: (OSt)752500: Behn, Aphra, Financial Markets and Financial Services, 2025.
